01058nam a2200265 u 450000100070000000500170000700800410002403500110006504000130007604100080008908200080009710000380010524502130014326000430035630000140039965000160041365000130042965000250044265000820046765000360054965000280058565000270061370000370064050001150067710916420260506081615.0961028s1996 ||||||m| spa  a109164 ccomduadb aspa 4a36210aHerrera Munoz, Luz Dary4auteaut10aAproximacion diagnostica del perfil socio emocional y laboral de los usuarios solicitantes de calificacion por perdida en la capacidad laboral de la gerencia ARP Departamento Atep ISS seccional Antioquia 1996 aMedellín :b[sin publicador],c1996. a109 hojas aDesplazados aEmpresas aAntioquia (Colombia) aInstituto de Seguros Sociales. Seccional Antioquia - Choco. Departamento ATEP 7aEnfermedades profesionales2dcs 7aSalud ocupacional2lemb aTrabajo social laboral10aAparicio Beltran, Lyda4auteaut aTesis (Especialista en Gerencia del Desarrollo Social). Universidad de Antioquia - Título del grado otorgado